Science Quiz

Random Science or Physics Quiz

AP Physics 1 Graphs Quiz Stats

 Plays Quiz not verified by Sporcle

Also try: 'B' in Science
Challenge
Share
Tweet
Embed
Score 0/12 Timer 05:00
0 Plays Today
% Correct
acceleration
75.8%
velocity
73.7%
angular acceleration
69.7%
resistance
68.7%
displacement
62.6%
spring constant
62.6%
net work or change in kinetic energy
61.6%
moment of inertia
60.6%
elastic potential energy
58.6%
2 x acceleration
52.5%
change in momentum
50.5%
1|2 mass
48.5%

You're not logged in!

Compare scores with friends on all Sporcle quizzes.
OR
Log In

You Might Also Like...

Show Comments

Extras

Top Quizzes Today


Score Distribution

Your Account Isn't Verified!

In order to create a playlist on Sporcle, you need to verify the email address you used during registration. Go to your Sporcle Settings to finish the process.

Report this User

Report this user for behavior that violates our Community Guidelines.

Details: